SUVARNA NARTHANA. (Record no. 96551)

MARC details
000 -LEADER
fixed length control field 00576nam a2200205Ia 4500
003 - CONTROL NUMBER IDENTIFIER
control field OSt
005 - DATE AND TIME OF LATEST TRANSACTION
control field 20260508161819.0
008 - FIXED-LENGTH DATA ELEMENTS--GENERAL INFORMATION
fixed length control field 210210b1992 xxu||||| |||| 00| 0 eng d
040 ## - CATALOGING SOURCE
Transcribing agency AL
041 ## - LANGUAGE CODE
Language code of text/sound track or separate title Kannada
082 ## - DEWEY DECIMAL CLASSIFICATION NUMBER
Classification number 793.3092 SUVA
100 ## - MAIN ENTRY--PERSONAL NAME
Personal name SUVARNA NARTHANA.
Dates associated with a name ಸುವರ್ಣ ನರ್ತನ
9 (RLIN) 263687
245 ## - TITLE STATEMENT
Title SUVARNA NARTHANA.
Remainder of title ಸುವರ್ಣ ನರ್ತನ
260 ## - PUBLICATION, DISTRIBUTION, ETC.
Place of publication, distribution, etc. Bengaluru
Name of publisher, distributor, etc. Suvarna Mahotsava Sanchike
Date of publication, distribution, etc. 1992
300 ## - PHYSICAL DESCRIPTION
Extent -
650 ## - SUBJECT ADDED ENTRY--TOPICAL TERM
Topical term or geographic name entry element Dance Bharatanatyam
9 (RLIN) 263688
690 ## - LOCAL SUBJECT ADDED ENTRY--TOPICAL TERM (OCLC, RLIN)
Topical term or geographic name as entry element Biography
9 (RLIN) 263689
906 ## - LOCAL DATA ELEMENT F, LDF (RLIN)
a 047205
942 ## - ADDED ENTRY ELEMENTS (KOHA)
Source of classification or shelving scheme Dewey Decimal Classification
Koha item type Book
Holdings
Withdrawn status Lost status Source of classification or shelving scheme Damaged status Not for loan Collection code Home library Current library Shelving location Date acquired Cost, normal purchase price Total Checkouts Full call number Barcode Date last seen Price effective from Koha item type
    Dewey Decimal Classification     Others St Aloysius Library St Aloysius Library Secondary stack section 02/17/2021 0.00   793.3092 SUVA 047205 02/17/2021 02/17/2021 Book